000 00275nam a2200121 i 4500
001 bg
245 0 _aMetodologia i algorytmizacja projektowania.
260 _aWrocław,
_c1975.
040 _cBPK
041 _apol
942 _cKS
008 s pl f |000 0 pol
999 _c16149
_d16149
856 _uhttp://koha.tu.koszalin.pl/cgi-bin/koha/opac-detail.pl?biblionumber=16149
_yKatalog online BPK